Pla de gestió i desenvolupament del Parc Agrari del Baix Llobregat : proposta : text provisional proposta :
Descripción Física:
64 p. : quadres ; 30 cm
MARC
| LEADER | 00000nam a2200000Ia 4500 | ||
|---|---|---|---|
| 001 | 16365 | ||
| 008 | 160829s1998 xx 000 0 cat d | ||
| 080 | |a C-2-298 | ||
| 110 | 1 | |a Parc Agrari del Baix Llobregat (Catalunya) |9 8529 | |
| 245 | |a Pla de gestió i desenvolupament del Parc Agrari del Baix Llobregat : |b proposta : |b text provisional | ||
| 260 | |a Sant Feliu de Llobregat : |b Consorci del Parc Agrari del Baix Llobregat, |c 1998 | ||
| 300 | |a 64 p. : |b quadres ; |c 30 cm | ||
| 650 | |a Parc Agrari del Baix Llobregat |x Administració |9 20262 | ||
| 650 | |a Parcs agrícoles |x Catalunya |9 20263 | ||
| 901 | |a Arxiu | ||
| 942 | |n 1 | ||
| 952 | |0 0 |1 0 |4 0 |6 C2298 |7 1 |9 47775 |a Arxiu |b Arxiu |d 2016-12-01 |l 0 |o C-2-298 |p 16365 |r 2016-12-01 00:00:00 |w 2016-12-01 |y ARXIU | ||
| 999 | |c 51574 |d 51574 | ||